[Event "Championnat de France des Jeunes - Pous"]
[Site "LA ROCHE SUR YON"]
[Date "2008.04.27"]
[Round "9.10"]
[White "Devoille, Hugo"]
[Black "Ginovart, Axel"]
[Result "1-0"]
[WhiteElo "1741"]
[BlackElo "1570"]
[Annotator "Salaun,Michel"]
[PlyCount "97"]
[EventDate "2008.04.25"]
[EventType "swiss"]
[EventRounds "5"]
[EventCountry "FRA"]

1. e4 e5 2. Nf3 Nc6 3. Bb5 a6 4. Ba4 Nf6 5. d3 b5 6. Bb3 Bc5 7. O-O d6 8. h3
O-O 9. Nc3 h6 10. a3 Be6 11. Ba2 Qd7 12. Kh1 Nd4 13. Nh2 Kh7 14. f4 Qc6 15. f5
Bd7 16. Nf3 g6 17. Nd5 Ng8 18. Ne3 Rad8 19. c3 Nxf3 20. Rxf3 Ne7 21. Nd5 Nxd5
22. Bxd5 Qb6 23. fxg6+ fxg6 24. Qf1 Bf2 25. Be3 Qxe3 26. Rxe3 Bxe3 27. Qe2 Bb6
28. Rf1 Kg7 29. Rf3 Rxf3 30. Qxf3 Rf8 31. Qd1 Rf2 32. b3 c6 33. d4 cxd5 34.
dxe5 dxe5 35. Qxd5 Rf7 36. Qxe5+ Kh7 37. Qd5 Kg8 38. e5 Kf8 39. Qd6+ Ke8 40.
Qxb6 Rf1+ 41. Kh2 Kf7 42. Qc7 Ke6 43. Qd6+ Kf5 44. Qf8+ Kxe5 45. Qxf1 Be6 46.
Qe2+ Kf6 47. Qf3+ Kg7 48. Qb7+ Kf6 49. Qxa6 1-0

[Event "Championnat de France des Jeunes - Pous"]
[Site "LA ROCHE SUR YON"]
[Date "2008.04.24"]
[Round "4.1"]
[White "Auvray, Honorine"]
[Black "Duffaud, Celia"]
[Result "1-0"]
[WhiteElo "1716"]
[BlackElo "1400"]
[Annotator "Salaun,Michel"]
[PlyCount "67"]
[EventDate "2008.04.25"]
[EventType "swiss"]
[EventRounds "5"]
[EventCountry "FRA"]

1. e4 d5 2. exd5 Nf6 3. d4 Nxd5 4. Nf3 Bf5 5. Be2 Nc6 6. c3 e6 7. O-O Be7 8.
Nbd2 O-O 9. Nc4 b5 10. Nce5 Nxe5 11. Nxe5 a6 12. Bf3 c5 13. Re1 Bg5 14. dxc5
Rc8 15. Bxg5 Qxg5 16. Bxd5 exd5 17. Qxd5 Rfd8 18. Qxf7+ Kh8 19. Qb3 Bg6 20. Qb4
Re8 21. Nf3 Qd5 22. Rxe8+ Rxe8 23. Qd4 Qf7 24. Ne5 Qe6 25. Nxg6+ Qxg6 26. b4
Qe6 27. h3 Rc8 28. Qg4 Qc6 29. Rd1 h6 30. Rd7 Rg8 31. Rd6 Qe8 32. Qf4 Qc8 33.
Rxh6+ gxh6 34. Qxh6# 1-0

[Event "Championnat de France des Jeunes - Pous"]
[Site "LA ROCHE SUR YON"]
[Date "2008.04.27"]
[Round "9.9"]
[White "Caen, Andy"]
[Black "Dias, Theodore"]
[Result "1-0"]
[WhiteElo "1606"]
[BlackElo "1580"]
[Annotator "Salaun,Michel"]
[PlyCount "67"]
[EventDate "2008.04.25"]
[EventType "swiss"]
[EventRounds "5"]
[EventCountry "FRA"]

1. d4 Nf6 2. Bf4 c5 3. e3 g6 4. c3 d6 5. dxc5 dxc5 6. Qxd8+ Kxd8 7. Bd3 Bg7 8.
Nf3 Nbd7 9. O-O Nh5 10. g3 Nxf4 11. exf4 Kc7 12. Re1 e6 13. Ng5 e5 14. Nxf7 Re8
15. Nd2 Re7 16. Bc4 b5 17. Bd5 Rb8 18. fxe5 Nb6 19. c4 bxc4 20. Bxc4 Nxc4 21.
Nxc4 Rxf7 22. Ne3 Bb7 23. f4 Bc6 24. b3 g5 25. Rac1 gxf4 26. gxf4 Rxf4 27. Rxc5
Kb6 28. Rec1 Ba8 29. a4 Rg8 30. Nd5+ Bxd5 31. Rxd5 Bxe5+ 32. Kh1 Bb8 33. Rb5+
Ka6 34. Rc6# 1-0

[Event "Championnat de France des Jeunes - Pous"]
[Site "LA ROCHE SUR YON"]
[Date "2008.04.24"]
[Round "4.2"]
[White "Quelennec, Amelie"]
[Black "Joudelat, Noemie"]
[Result "0-1"]
[WhiteElo "1400"]
[BlackElo "1540"]
[Annotator "Salaun,Michel"]
[PlyCount "124"]
[EventDate "2008.04.25"]
[EventType "swiss"]
[EventRounds "5"]
[EventCountry "FRA"]

1. b3 e5 2. Bb2 Nc6 3. e3 Nf6 4. Bb5 d6 5. Bxc6+ bxc6 6. d3 g6 7. Nd2 Bg7 8.
Qf3 Bd7 9. Qe2 O-O 10. Ngf3 Re8 11. O-O Bg4 12. h3 Bd7 13. c4 a5 14. Rac1 a4
15. a3 axb3 16. Nxb3 Rb8 17. Rc3 e4 18. dxe4 Nxe4 19. Rd3 Nc5 20. Bxg7 Nxd3 21.
Qxd3 Kxg7 22. Nbd2 Be6 23. Ne4 Bf5 24. Qd4+ f6 25. Nfg5 Bxe4 26. Nxe4 Qe7 27.
Ng3 Qe5 28. Qh4 Qg5 29. Qxg5 fxg5 30. Ra1 Rb6 31. a4 Reb8 32. Kh2 Rb1 33. Ra2
R1b2 34. Ra3 Rxf2 35. a5 Rfb2 36. a6 Ra8 37. Ne4 Rb6 38. Nxg5 Rbxa6 39. Rxa6
Rxa6 40. Ne6+ Kf6 41. Nxc7 Ra4 42. Ne8+ Ke7 43. Nc7 Kd7 44. Kg3 Kxc7 45. Kh4
Rxc4+ 46. Kg5 Rc2 47. g4 Rf2 48. Kh6 c5 49. Kxh7 c4 50. h4 c3 51. Kxg6 c2 52.
h5 c1=Q 53. h6 Qxe3 54. h7 Qe6+ 55. Kh5 Rh2+ 56. Kg5 Rxh7 57. Kf4 Rg7 58. g5
Qe5+ 59. Kf3 Rxg5 60. Kf2 Rf5+ 61. Kg2 Qg7+ 62. Kh3 Rh5# 0-1

[Event "Championnat de France des Jeunes - Pous"]
[Site "LA ROCHE SUR YON"]
[Date "2008.04.24"]
[Round "4.4"]
[White "Raihauti, Mataheitini"]
[Black "Jacob, Eva"]
[Result "0-1"]
[WhiteElo "1009"]
[BlackElo "1470"]
[Annotator "Salaun,Michel"]
[PlyCount "102"]
[EventDate "2008.04.25"]
[EventType "swiss"]
[EventRounds "5"]
[EventCountry "FRA"]

1. e4 c5 2. Nf3 a6 3. d4 cxd4 4. Nxd4 Nf6 5. Nc3 e5 6. Nf3 Nc6 7. Bg5 Be7 8.
Bd3 O-O 9. O-O d5 10. Bxf6 Bxf6 11. Nxd5 Be7 12. Qe2 Be6 13. Bc4 b5 14. Bb3 Na5
15. Rad1 Bxd5 16. Bxd5 Qc7 17. Bxa8 Rxa8 18. Rd3 h6 19. Rfd1 Bf6 20. b4 Nc4 21.
Nd2 Nb2 22. Rd7 Qxd7 23. Rb1 Na4 24. Qd3 Qxd3 25. cxd3 Rd8 26. Rb3 Rc8 27. g3
Bg5 28. Nf3 Bf6 29. Ra3 g6 30. Kg2 Bg7 31. Nh4 Kh7 32. f4 exf4 33. gxf4 Bf6 34.
Nf3 Be7 35. Rb3 Rc2+ 36. Kg3 Rxa2 37. Rb1 Kg7 38. f5 gxf5 39. exf5 Ra3 40. d4
Bd6+ 41. Kg4 h5+ 42. Kxh5 Rxf3 43. Rg1+ Kf6 44. Rg2 Rxf5+ 45. Kh4 Nb6 46. Kg4
Rg5+ 47. Kf3 Rxg2 48. Kxg2 Bxb4 49. h4 Kg6 50. Kg3 Kh5 51. Kh3 a5 0-1

[Event "Championnat de France des Jeunes - Pous"]
[Site "LA ROCHE SUR YON"]
[Date "2008.04.24"]
[Round "4.7"]
[White "Bour, Valentine"]
[Black "Renaudier, Celia"]
[Result "1-0"]
[WhiteElo "1440"]
[BlackElo "1280"]
[Annotator "Salaun,Michel"]
[PlyCount "77"]
[EventDate "2008.04.25"]
[EventType "swiss"]
[EventRounds "5"]
[EventCountry "FRA"]

1. d4 Nf6 2. c4 g6 3. Nc3 Bg7 4. Nf3 O-O 5. e4 d6 6. Be3 c6 7. Qd2 Nbd7 8. Bh6
a6 9. Bxg7 Kxg7 10. g3 b5 11. e5 Ng8 12. b3 Bb7 13. Bg2 dxe5 14. dxe5 f6 15. e6
Nc5 16. Nd4 Qd6 17. Qe3 b4 18. Nce2 Rfd8 19. O-O Bc8 20. Bxc6 Rb8 21. Bg2 Rb6
22. Rad1 Rf8 23. Nf5+ gxf5 24. Rxd6 Rxd6 25. Qxc5 Rxe6 26. Nf4 Rd6 27. Bh3 Nh6
28. Re1 Rd7 29. Ne6+ Kg8 30. Nxf8 Kxf8 31. Qxc8+ Kg7 32. Qxd7 Nf7 33. Rxe7 Kg6
34. Qxf5+ Kg7 35. Re6 h6 36. Qxf6+ Kf8 37. Re7 Kg8 38. Qxf7+ Kh8 39. Qh7# 1-0

[Event "Championnat de France des Jeunes - Pous"]
[Site "LA ROCHE SUR YON"]
[Date "2008.04.24"]
[Round "4.9"]
[White "Susini, Noelia"]
[Black "Banat, Rizlene"]
[Result "1/2-1/2"]
[WhiteElo "1280"]
[BlackElo "1400"]
[Annotator "Salaun,Michel"]
[PlyCount "54"]
[EventDate "2008.04.25"]
[EventType "swiss"]
[EventRounds "5"]
[EventCountry "FRA"]

1. e4 c5 2. Nf3 d6 3. c3 Nc6 4. Be2 Nf6 5. d4 cxd4 6. cxd4 Nxe4 7. d5 Qa5+ 8.
Nc3 Nxc3 9. bxc3 Ne5 10. Nxe5 dxe5 11. Bb2 g6 12. O-O Bg7 13. c4 O-O 14. Re1
Rd8 15. Bf3 f6 16. Qd3 b6 17. Ba3 e6 18. Be7 Rd7 19. d6 Rb8 20. Bc6 f5 21. Bxd7
Bxd7 22. Reb1 e4 23. Qe3 Bxa1 24. Rxa1 Qc5 25. Qh6 Qd4 26. Rc1 Qg7 27. Qg5 Qf7
1/2-1/2

[Event "Championnat de France des Jeunes - Pous"]
[Site "LA ROCHE SUR YON"]
[Date "2008.04.24"]
[Round "4.10"]
[White "Adam, Catherine"]
[Black "Thami, Meissane"]
[Result "0-1"]
[WhiteElo "1270"]
[BlackElo "1370"]
[Annotator "Salaun,Michel"]
[PlyCount "52"]
[EventDate "2008.04.25"]
[EventType "swiss"]
[EventRounds "5"]
[EventCountry "FRA"]

1. e4 e6 2. d4 d5 3. e5 c5 4. Nf3 Qb6 5. Be3 Qxb2 6. Nbd2 Nc6 7. dxc5 Qc3 8.
Bd3 Bxc5 9. Bxc5 Qxc5 10. O-O Nb4 11. Nb3 Qc7 12. Nfd4 Qxe5 13. Re1 Qd6 14. a3
Nc6 15. Nf5 Qd7 16. Nxg7+ Kd8 17. Qd2 Nge7 18. Nc5 Qc7 19. Qe3 Rg8 20. Qh6 Nf5
21. Qg5+ Nce7 22. Nb3 Rxg7 23. Qf6 Qc6 24. Bxf5 Rg8 25. Qxf7 d4 26. Nxd4 Qxg2#
0-1

[Event "Championnat de France des Jeunes - Pous"]
[Site "LA ROCHE SUR YON"]
[Date "2008.04.24"]
[Round "4.8"]
[White "Nord, Clara"]
[Black "Terrazzoni, Claire"]
[Result "1-0"]
[WhiteElo "1280"]
[BlackElo "1430"]
[Annotator "Salaun,Michel"]
[PlyCount "51"]
[EventDate "2008.04.25"]
[EventType "swiss"]
[EventRounds "5"]
[EventCountry "FRA"]

1. e4 e5 2. Nf3 Nc6 3. Bb5 Nf6 4. Nc3 Bb4 5. d3 O-O 6. Bg5 d6 7. d4 exd4 8.
Nxd4 Bd7 9. Qd2 Bxc3 10. Qxc3 Ne5 11. Bxd7 Nexd7 12. O-O c5 13. Nf5 h6 14. Bh4
Qc7 15. Rfe1 Rfe8 16. Qc4 Qc6 17. f3 b5 18. Qd3 Re6 19. Re3 Ne8 {(=)} 20. Bg3
Ne5 21. Qd5 Qxd5 22. exd5 Rf6 23. Bxe5 dxe5 24. Rxe5 Rd8 25. Rae1 Nc7 26. Rd1
1-0

[Event "Championnat de France des Jeunes - Pous"]
[Site "LA ROCHE SUR YON"]
[Date "2008.04.24"]
[Round "3.2"]
[White "Joudelat, Noemie"]
[Black "Craquelin, Mathie"]
[Result "1-0"]
[WhiteElo "1540"]
[BlackElo "1330"]
[Annotator "Salaun,Michel"]
[PlyCount "147"]
[EventDate "2008.04.25"]
[EventType "swiss"]
[EventRounds "5"]
[EventCountry "FRA"]

1. e4 d5 2. exd5 Qxd5 3. Nc3 Qa5 4. d4 Nf6 5. Nf3 Bg4 6. h3 Bh5 7. g4 Bg6 8.
Ne5 e6 9. Nc4 Qa6 10. Bf4 Qc6 11. Rg1 Bb4 12. Bd2 Nbd7 13. Qe2 Bxc3 14. Bxc3
O-O-O 15. Bg2 Be4 16. f3 Bd5 17. Na5 Qd6 18. Bh1 Rde8 19. Qd2 e5 20. O-O-O exd4
21. Qxd4 Qc5 22. Qxc5 Nxc5 23. Bxf6 gxf6 24. Rxd5 Ne6 25. Rb5 Nf4 26. Rd1 Ne2+
27. Kb1 Nd4 28. Rd5 Ne2 29. a3 c6 30. Rd7 Rd8 31. Rxd8+ Rxd8 32. Rxd8+ Kxd8 33.
Nxb7+ Kc7 34. Nc5 Nf4 35. h4 Kd6 36. Ne4+ Ke5 37. g5 f5 38. Nc5 Kd4 39. Nd3
Nxd3 40. cxd3 Kxd3 41. f4 Ke3 42. h5 Kxf4 43. g6 fxg6 44. hxg6 hxg6 45. Kc1 g5
46. Kd1 Kg3 47. Ke2 g4 48. Bxc6 f4 49. a4 f3+ 50. Kf1 Kh2 51. Bxf3 gxf3 52. Kf2
Kh3 53. Kxf3 Kh4 54. Ke4 Kg5 55. b4 Kf6 56. Kd5 Ke7 57. Kc6 Kd8 58. Kb7 a5 59.
b5 Kd7 60. Ka7 Kd6 61. b6 Kc6 62. b7 Kc7 63. b8=Q+ Kc6 64. Qb7+ Kc5 65. Qd7 Kb4
66. Ka6 Kc3 67. Qd5 Kc2 68. Kb5 Kc3 69. Kxa5 Kc2 70. Qd4 Kc1 71. Qf2 Kd1 72.
Kb4 Kc1 73. Kc3 Kd1 74. Qd2# 1-0

[Event "Championnat de France des Jeunes - Pous"]
[Site "LA ROCHE SUR YON"]
[Date "2008.04.24"]
[Round "4.5"]
[White "Baldi, Valentine"]
[Black "Malassagne, Isabelle"]
[Result "1-0"]
[WhiteElo "1400"]
[BlackElo "1009"]
[Annotator "Salaun,Michel"]
[PlyCount "101"]
[EventDate "2008.04.25"]
[EventType "swiss"]
[EventRounds "5"]
[EventCountry "FRA"]

1. d4 d5 2. c4 Nf6 3. e3 e6 4. Nf3 b6 5. Nc3 Bb4 6. Bd3 dxc4 7. Bxc4 Ne4 8.
Qa4+ Qd7 9. Qxb4 Nc6 10. Qa4 Nd6 11. Bd3 Bb7 12. O-O O-O-O 13. Ba6 Bxa6 14.
Qxa6+ Kb8 15. Rd1 Nb4 16. Qa4 Qxa4 17. Nxa4 Nc2 18. Rb1 Nb4 19. a3 Nd5 20. e4
Nxe4 21. Re1 Nd6 22. Ne5 Kb7 23. Bd2 f6 24. Nf3 g5 25. Rxe6 Nc4 26. Be1 Nf4 27.
Rxf6 g4 28. Rxf4 gxf3 29. Rxf3 b5 30. Nc5+ Kc6 31. Rf6+ Kd5 32. Rf5+ Kd6 33.
Nb7+ Ke6 34. Rxb5 Rxd4 35. Bc3 Rhd8 36. Bxd4 Rxd4 37. Re1+ Kd7 38. f3 Kc6 39.
Rb4 Kd5 40. g4 Rd3 41. Kf2 Rd2+ 42. Re2 Rd3 43. Re4 Rd2+ 44. Re2 Rd3 45. Nd8
Kc5 46. Rb7 Rxd8 47. Rxc7+ Kb5 48. Rc2 Nd6 49. R2c5+ Kb6 50. a4 a5 51. R5c6#
1-0

[Event "Championnat de France des Jeunes - Pous"]
[Site "LA ROCHE SUR YON"]
[Date "2008.04.24"]
[Round "3.5"]
[White "Bellahcene, Anissa"]
[Black "Baldi, Valentine"]
[Result "0-1"]
[WhiteElo "1290"]
[BlackElo "1400"]
[Annotator "Salaun,Michel"]
[PlyCount "88"]
[EventDate "2008.04.25"]
[EventType "swiss"]
[EventRounds "5"]
[EventCountry "FRA"]

1. e4 c6 2. d4 d5 3. Nc3 dxe4 4. Nxe4 Bf5 5. Ng3 Bg6 6. Nf3 Nd7 7. Bf4 e6 8. c3
Ngf6 9. Bd3 Bxd3 10. Qxd3 c5 11. Rd1 Be7 12. O-O O-O 13. Be5 cxd4 14. Qxd4 Rc8
15. Bxf6 Nxf6 16. Rfe1 Qxd4 17. Rxd4 Bc5 18. Rd2 Rfd8 19. Red1 Rxd2 20. Rxd2 h5
21. a4 h4 22. Nxh4 Rc6 23. b4 Be7 24. Rd3 Nd5 25. Nf3 Rxc3 26. Rxc3 Nxc3 27. b5
Nxa4 28. Kf1 a6 29. bxa6 bxa6 30. Ke2 Kf8 31. Kd3 Ke8 32. Nd4 Kd7 33. Ne4 Nc5+
34. Nxc5+ Bxc5 35. Nb3 Bxf2 36. Kc4 Kc6 37. Kb4 e5 38. Nd2 Kd5 39. Kc3 e4 40.
g3 a5 41. Kb3 e3 42. Nf3 Ke4 43. Ng5+ Kd3 44. Nf3 e2 0-1

[Event "Championnat de France des Jeunes - Pous"]
[Site "LA ROCHE SUR YON"]
[Date "2008.04.24"]
[Round "3.3"]
[White "Imperor, Lorene"]
[Black "Fraval, Julie"]
[Result "1-0"]
[WhiteElo "1530"]
[BlackElo "1310"]
[Annotator "Salaun,Michel"]
[PlyCount "83"]
[EventDate "2008.04.25"]
[EventType "swiss"]
[EventRounds "5"]
[EventCountry "FRA"]

1. f4 e5 2. fxe5 d6 3. Nf3 dxe5 4. e4 Bd6 5. Bc4 Nh6 6. O-O Bc5+ 7. Kh1 Bg4 8.
d3 Nc6 9. Bxh6 gxh6 10. Bxf7+ Ke7 11. Bc4 Nd4 12. Nbd2 Nxf3 13. Nxf3 Qf8 14.
Qe1 Qg7 15. Qh4+ Kd7 16. Qxg4+ Qxg4 17. Nxe5+ Kd6 18. Nxg4 h5 19. Nf6 h4 20.
Rf4 Ke5 21. Raf1 Raf8 22. Nd7+ Kd6 23. Nxf8 Ke5 24. Nd7+ Kd6 25. Nxc5 Kxc5 26.
Rf8 Rxf8 27. Rxf8 Kd6 28. Rh8 a6 29. Rxh7 b5 30. Bf7 Ke7 31. Bd5+ Kd6 32. Rxh4
c6 33. Rh6+ Kc7 34. Rxc6+ Kb7 35. Rf6+ Kc7 36. h4 a5 37. h5 Kd7 38. h6 Ke7 39.
Rg6 Kd7 40. h7 Kc7 41. h8=Q b4 42. Qh7+ 1-0

[Event "Championnat de France des Jeunes - Pous"]
[Site "LA ROCHE SUR YON"]
[Date "2008.04.24"]
[Round "3.1"]
[White "Le Bihan, Alison"]
[Black "Auvray, Honorine"]
[Result "0-1"]
[WhiteElo "1330"]
[BlackElo "1716"]
[Annotator "Salaun,Michel"]
[PlyCount "66"]
[EventDate "2008.04.25"]
[EventType "swiss"]
[EventRounds "5"]
[EventCountry "FRA"]

1. d4 d5 2. c4 e6 3. cxd5 exd5 4. Nc3 c6 5. Nf3 Nf6 6. Bf4 g6 7. e3 Bg7 8. Bd3
O-O 9. Qc2 Bg4 10. Be2 Nbd7 11. O-O Re8 12. Rfc1 Nb6 13. Rab1 Bf5 14. Bd3 Bxd3
15. Qxd3 Ne4 16. b4 a6 17. a4 Nxc3 18. Qxc3 Nxa4 19. Qa3 Nb6 20. Qa5 Nc4 21.
Bc7 Qd7 22. Qc5 Bf8 23. Qxf8+ Rxf8 24. Bf4 f6 25. h3 b5 26. Bh6 Rfe8 27. Ra1
Qd6 28. Rcb1 g5 29. g4 Kf7 30. Nxg5+ fxg5 31. Bxg5 Nd2 32. Bf4 Qf8 33. Rc1 Nb3
0-1

[Event "Championnat de France des Jeunes - Pous"]
[Site "LA ROCHE SUR YON"]
[Date "2008.04.24"]
[Round "3.4"]
[White "Jacob, Eva"]
[Black "Griaznov, Liza"]
[Result "1-0"]
[WhiteElo "1470"]
[BlackElo "1310"]
[Annotator "Salaun,Michel"]
[PlyCount "63"]
[EventDate "2008.04.25"]
[EventType "swiss"]
[EventRounds "5"]
[EventCountry "FRA"]

1. e4 e5 2. d4 exd4 3. Nf3 c5 4. Bc4 Nf6 5. e5 Ne4 6. Qe2 b5 7. Bd3 f5 8. exf6
d5 9. fxg7 Bxg7 10. Nbd2 O-O 11. Nxe4 dxe4 12. Bxe4 Re8 13. O-O Bf5 14. Nd2 Nd7
15. Qf3 Bxe4 16. Nxe4 Ne5 17. Qg3 Re6 18. f4 Nc6 19. Nxc5 Rf6 20. f5 Qe7 21.
Bg5 Kh8 22. Bxf6 Bxf6 23. Nd3 Rg8 24. Qe1 Qxe1 25. Raxe1 b4 26. Re6 Bg5 27.
Rxc6 Be3+ 28. Kh1 Re8 29. f6 Bh6 30. f7 Re7 31. Rxh6 Kg7 32. f8=Q# 1-0

[Event "Championnat de France des Jeunes - Pous"]
[Site "LA ROCHE SUR YON"]
[Date "2008.04.24"]
[Round "4.3"]
[White "Souard, Coline"]
[Black "Imperor, Lorene"]
[Result "0-1"]
[WhiteElo "1130"]
[BlackElo "1530"]
[Annotator "Salaun,Michel"]
[PlyCount "52"]
[EventDate "2008.04.25"]
[EventType "swiss"]
[EventRounds "5"]
[EventCountry "FRA"]

1. e4 c5 2. c4 d6 3. Nf3 Nf6 4. d3 g6 5. Be2 Bg7 6. O-O O-O 7. Bg5 Nc6 8. Nc3
Bd7 9. Bxf6 Bxf6 10. Re1 a6 11. Rc1 Nd4 12. Nxd4 Bxd4 13. Qd2 b5 14. cxb5 axb5
15. Nd5 Rxa2 16. Rb1 Re8 17. Qg5 Rxb2 18. Rxb2 Bxb2 19. Bh5 e6 20. Qg3 exd5 21.
Bg4 Bxg4 22. Qxg4 dxe4 23. dxe4 d5 24. Qf4 dxe4 25. Rxe4 Qd1+ 26. Re1 Qxe1# 0-1

[Event "Championnat de France des Jeunes - Pous"]
[Site "LA ROCHE SUR YON"]
[Date "2008.04.24"]
[Round "3.7"]
[White "Gregot, Eva"]
[Black "Duffaud, Celia"]
[Result "0-1"]
[WhiteElo "1170"]
[BlackElo "1400"]
[Annotator "Salaun,Michel"]
[PlyCount "72"]
[EventDate "2008.04.25"]
[EventType "swiss"]
[EventRounds "5"]
[EventCountry "FRA"]

1. e4 c6 2. Nf3 d5 3. Ng5 e5 4. d3 Nf6 5. Nc3 Bc5 6. Be3 d4 7. Bd2 dxc3 8. Bxc3
Ng4 9. Qe2 Qxg5 10. h3 Nh6 11. Bd2 Qf6 12. g4 Qd6 13. g5 Ng8 14. Bg2 Ne7 15. b3
b5 16. O-O O-O 17. Rab1 f6 18. b4 Bb6 19. c4 bxc4 20. dxc4 c5 21. Be3 fxg5 22.
bxc5 Bxc5 23. Rfd1 Qc7 24. Bxg5 Nbc6 25. Rf1 Be6 26. Rfd1 Qc8 27. Qf1 h6 28.
Bd2 Ng6 29. Qe2 Bxh3 30. Bh1 Bg4 31. Qf1 Bxd1 32. Qxd1 Rxf2 33. Qa4 Rxd2+ 34.
Kf1 Qh3+ 35. Ke1 Qe3+ 36. Kf1 Qf2# 0-1

[Event "Championnat de France des Jeunes - Pous"]
[Site "LA ROCHE SUR YON"]
[Date "2008.04.24"]
[Round "3.10"]
[White "Malassagne, Isabelle"]
[Black "Pauvert, Gabrielle"]
[Result "1-0"]
[WhiteElo "1009"]
[BlackElo "1350"]
[Annotator "Salaun,Michel"]
[PlyCount "63"]
[EventDate "2008.04.25"]
[EventType "swiss"]
[EventRounds "5"]
[EventCountry "FRA"]

1. e4 d5 2. exd5 Nf6 3. Nc3 Nxd5 4. Nf3 Nc6 5. Bc4 Nf6 6. O-O e5 7. Re1 Bd6 8.
d4 Bg4 9. h3 Bxf3 10. Qxf3 O-O 11. Nd5 Nxd5 12. Bxd5 Nxd4 13. Qd3 c6 14. Be4
Qh4 15. c3 Nb5 16. a4 Nc7 17. Qxd6 Ne8 18. Qxe5 Nf6 19. Bg5 Rfe8 20. Qf5 Qh5
21. Bxf6 Qxf5 22. Bxf5 gxf6 23. Kh2 Rxe1 24. Rxe1 Kg7 25. Kg3 h5 26. Kh4 Kh6
27. f3 Rg8 28. g4 Rg5 29. Bc8 b5 30. f4 Rc5 31. a5 hxg4 32. Kxg4 1-0

[Event "Championnat de France des Jeunes - Pous"]
[Site "LA ROCHE SUR YON"]
[Date "2008.04.24"]
[Round "3.8"]
[White "Montenon, Clemence"]
[Black "Quelennec, Amelie"]
[Result "0-1"]
[WhiteElo "1050"]
[BlackElo "1400"]
[Annotator "Salaun,Michel"]
[PlyCount "52"]
[EventDate "2008.04.25"]
[EventType "swiss"]
[EventRounds "5"]
[EventCountry "FRA"]

1. e4 e5 2. Nf3 Nc6 3. Nc3 Nf6 4. Bc4 Bc5 5. O-O d6 6. d3 Bg4 7. Bg5 h6 8. Bh4
g5 9. h3 Bxf3 10. Qxf3 gxh4 11. Qf5 Nd4 12. Bxf7+ Kxf7 13. Qxf6+ Qxf6 14. g3
Nf3+ 15. Kg2 Ke7 16. Nd5+ Ke6 17. Nxf6 Kxf6 18. Kxf3 Raf8 19. Rad1 Ke6+ 20. Kg4
Rhg8+ 21. Kxh4 Bxf2 22. Rd2 Bxg3+ 23. Kh5 Rxf1 24. Kxh6 Rh1 25. Kh7 Kf7 26. Kh6
Rxh3# 0-1

[Event "Championnat de France des Jeunes - Pous"]
[Site "LA ROCHE SUR YON"]
[Date "2008.04.24"]
[Round "3.6"]
[White "Banat, Rizlene"]
[Black "Souard, Coline"]
[Result "0-1"]
[WhiteElo "1400"]
[BlackElo "1130"]
[Annotator "Salaun,Michel"]
[PlyCount "38"]
[EventDate "2008.04.25"]
[EventType "swiss"]
[EventRounds "5"]
[EventCountry "FRA"]

1. e4 e5 2. Nf3 d6 3. Bc4 Nf6 4. Nc3 Be7 5. O-O O-O 6. d3 Nc6 7. Be3 Bg4 8. h3
Bh5 9. Bg5 Re8 10. Qe2 h6 11. Bxf6 Bxf6 12. Qe3 Rc8 13. Bb5 a6 14. Ba4 b5 15.
Bb3 Bxf3 16. Qxf3 Na5 17. Nd5 Re6 18. Nb6 Nxb3 19. Nxc8 Nxa1 0-1

[Event "Championnat de France des Jeunes - Pous"]
[Site "LA ROCHE SUR YON"]
[Date "2008.04.24"]
[Round "3.9"]
[White "Thami, Meissane"]
[Black "Raihauti, Mataheitini"]
[Result "0-1"]
[WhiteElo "1370"]
[BlackElo "1009"]
[Annotator "Salaun,Michel"]
[PlyCount "28"]
[EventDate "2008.04.25"]
[EventType "swiss"]
[EventRounds "5"]
[EventCountry "FRA"]

1. c4 e5 2. g3 Nf6 3. Bg2 d5 4. b3 Nc6 5. Bb2 Bc5 6. d3 Be6 7. Nd2 O-O 8. Rc1
Bb6 9. Ngf3 e4 10. Ng5 e3 11. fxe3 Bxe3 12. h4 Qd6 13. Bxf6 Qxg3+ 14. Kf1 Qf2#
0-1

[Event "Championnat de France des Jeunes - Pous"]
[Site "LA ROCHE SUR YON"]
[Date "2008.04.23"]
[Round "2.3"]
[White "Sauve, Anne-Charlotte"]
[Black "Imperor, Lorene"]
[Result "0-1"]
[WhiteElo "1290"]
[BlackElo "1530"]
[Annotator "Salaun,Michel"]
[PlyCount "122"]
[EventDate "2008.04.25"]
[EventType "swiss"]
[EventRounds "5"]
[EventCountry "FRA"]

1. e4 c5 2. Nc3 d6 3. Be2 Nf6 4. Nf3 g6 5. O-O Bg7 6. d4 cxd4 7. Nxd4 O-O 8.
Bg5 Nc6 9. Nxc6 bxc6 10. Qd2 Re8 11. Rad1 Be6 12. Bf3 Qb6 13. Rb1 Reb8 14. Na4
Qb4 15. Qxb4 Rxb4 16. b3 Kf8 17. e5 Ne4 18. Be3 d5 19. c3 Rb7 20. Bxe4 dxe4 21.
Nc5 Rb5 22. Nxe6+ fxe6 23. Rfe1 Bxe5 24. Bh6+ Kf7 25. Rxe4 Bxh2+ 26. Kf1 Bd6
27. a3 g5 28. f4 Bxf4 29. Rbe1 Rf5 30. Kg1 Rf6 31. g3 Bd2 32. Rd1 Bxc3 33. Bxg5
Rg6 34. Rf1+ Ke8 35. Bh4 Rb8 36. Rc4 Rxb3 37. Rxc6 Be5 38. Kh1 Bxg3 39. Bxg3
Rbxg3 40. Rc8+ Kd7 41. Rc7+ Kxc7 42. Rc1+ Kd7 43. Rd1+ Ke8 44. Kh2 R3g5 45. Rd3
Rh5+ 46. Rh3 Rxh3+ 47. Kxh3 Kf7 48. Kh4 Kf6 49. Kh5 Rg1 50. Kh4 Kf5 51. Kh3 Kf4
52. Kh2 Rg6 53. Kh3 Rg1 54. Kh2 Rg6 55. Kh3 Kf3 56. Kh4 Rg1 57. Kh5 Kf4 58. Kh6
Kf5 59. Kxh7 Kf6 60. Kh8 Kf7 61. Kh7 Rh1# 0-1

[Event "Championnat de France des Jeunes - Pous"]
[Site "LA ROCHE SUR YON"]
[Date "2008.04.23"]
[Round "2.4"]
[White "Afraoui, Anaelle"]
[Black "Jacob, Eva"]
[Result "0-1"]
[WhiteElo "1280"]
[BlackElo "1470"]
[Annotator "Salaun,Michel"]
[PlyCount "85"]
[EventDate "2008.04.25"]
[EventType "swiss"]
[EventRounds "5"]
[EventCountry "FRA"]

1. e4 c5 2. Nf3 a6 3. Bc4 Nc6 4. Nc3 d6 5. d4 cxd4 6. Nxd4 Bd7 7. Be3 Nf6 8.
O-O e5 9. Nf3 Be7 10. h3 O-O 11. Qe2 Rc8 12. Rad1 Na5 13. Bb3 Nxb3 14. axb3 b5
15. Rfe1 Ra8 16. Rd2 b4 17. Na4 Nxe4 18. Rdd1 Nf6 19. Bg5 Bc6 20. Rd2 Ne4 21.
Bxe7 Qxe7 22. Rd3 Nf6 23. Red1 Bb5 24. c4 bxc3 25. bxc3 Bxd3 26. Rxd3 Rab8 27.
b4 e4 28. Rd2 Qd7 29. Nd4 Qxa4 30. c4 Qd7 31. Nb3 Rxb4 32. Na5 Qc7 33. Ra2 d5
34. cxd5 Rb1+ 35. Qf1 Rxf1+ 36. Kxf1 Nxd5 37. Ke2 Nc3+ 38. Kd2 Nxa2 39. Nb3
Qc3+ 40. Ke2 Qxb3 41. f3 exf3+ 42. gxf3 Re8+ 43. Kf2 0-1

[Event "Championnat de France des Jeunes - Pous"]
[Site "LA ROCHE SUR YON"]
[Date "2008.04.23"]
[Round "2.1"]
[White "Auvray, Honorine"]
[Black "Hug, Roxana"]
[Result "1-0"]
[WhiteElo "1716"]
[BlackElo "1290"]
[Annotator "Salaun,Michel"]
[PlyCount "69"]
[EventDate "2008.04.25"]
[EventType "swiss"]
[EventRounds "5"]
[EventCountry "FRA"]

1. e4 c5 2. Nf3 Nc6 3. d4 cxd4 4. Nxd4 g6 5. Nc3 Bg7 6. Be3 Nf6 7. Bc4 O-O 8.
Bb3 b6 9. O-O Bb7 10. f3 Rc8 11. Qd2 a5 12. a4 e6 13. Ndb5 Ba6 14. Rfd1 Bb7 15.
Nd6 Ra8 16. Nxb7 Qb8 17. Nd6 Nb4 18. Nc4 Rd8 19. Bxb6 Re8 20. Bxa5 Nc6 21. Bb6
Ne7 22. Bc5 Qc7 23. Bd6 Qb7 24. Bg3 Rad8 25. Nd6 Qa8 26. Nxe8 Rxe8 27. Nb5 Qd8
28. a5 Nc6 29. a6 Qe7 30. Bd6 Qd8 31. Nc7 Qc8 32. a7 Rd8 33. a8=Q Qxa8 34. Rxa8
Rxa8 35. Nxa8 1-0